Κατάλογος Βιβλιοθηκών Mediterranean College

Επειδή Ε΄ιμαι στο Ντουλάπι δεν Σημαίνει ότι δεν Είμαι από 100& Φυσικό Γάλα! / Γάλατα Υπάρχουν Πολλά, ΝΟΥΝΟΥ όμως Ένα (Record no. 8870)

MARC details
000 -LEADER
fixed length control field 01197cam a22001814a 4500
005 - ΗΜΕΡΟΜΗΝΙΑ ΚΑΙ ΩΡΑ ΤΕΛΕΥΤΑΙΑΣ ΕΝΗΜΕΡΩΣΗΣ
Πεδίο ελέγχου 20250605164347.0
008 - FIXED-LENGTH DATA ELEMENTS--GENERAL INFORMATION
Πεδίο ελέγχου σταθερού μήκους 250528s ||||||||||||||||||||||||d
035 ## - SYSTEM CONTROL NUMBER
System control number 23959
040 ## - ΠΗΓΗ ΚΑΤΑΛΟΓΟΓΡΑΦΗΣΗΣ
Φορέας πρωτότυπης καταλογογράφησης MC Athens Campus Library
Γλώσσα καταλογογράφησης Ελληνικά, Μοντέρνα (1453-)
Modifying agency MC Athens Campus Library
Κανόνες περιγραφικής καταλογογράφησης AACR2
245 1# - ΤΙΤΛΟΣ ΚΑΙ ΔΗΛΩΣΗ ΥΠΕΥΘΥΝΟΤΗΤΑΣ
Τίτλος Επειδή Ε΄ιμαι στο Ντουλάπι δεν Σημαίνει ότι δεν Είμαι από 100& Φυσικό Γάλα! / Γάλατα Υπάρχουν Πολλά, ΝΟΥΝΟΥ όμως Ένα
260 ## - PUBLICATION, DISTRIBUTION, ETC.
Date of publication, distribution, etc. 2019
520 ## - SUMMARY, ETC.
Summary, etc. Η Στρατηγική μας για το Μέλλον Κινείται Γύρω από το Segment of One, Το Agency που Εξελίσσεται Μαζί με τους Πελάτες του, Tech-Powered Φυσικότητα και 360ο Επικοινωνία, Η Μάχη του Social Commerce Έχει Ξεκινήσει, Εξειδίκευση και Functionality και Βιωσιμότητα Βγαίνουν από τη Σκιά, Communities και Messaging και Co-Creation και στην Επόμενη Μέρα του Social Media Marketing.
700 1# - ΠΡΟΣΘΕΤΗ ΑΝΑΓΡΑΦΗ--ΦΥΣΙΚΟ ΠΡΟΣΩΠΟ
Personal name Μπούσιας Μιχάλης Κ
9 (RLIN) 9357
710 2# - ΠΡΟΣΘΕΤΗ ΑΝΑΓΡΑΦΗ--ΣΥΛΛΟΓΙΚΟ ΟΡΓΑΝΟ
Corporate name or jurisdiction name as entry element The Marketing Week
9 (RLIN) 9825
942 ## - ADDED ENTRY ELEMENTS (KOHA)
Koha item type Περιοδικά Δημοσιεύματα
Holdings
Τύπος τεκμηρίου Βιβλιοθήκη Τρέχουσα τοποθεσία Barcode Ημερομηνία απόκτησης Ταξιθετικό σύμβολο Αριθμός αντιτύπου Αρίθμηση σειρών / χρονολογία Κατάσταση απόσυρσης Κατάσταση χαμένου Κατάσταση κατεστραμμένου Μη δανεισμός Σύνολο δανεισμών Ημερομηνία τελευταίας εμφάνισης Η τιμή ισχύει από
Περιοδικά Δημοσιεύματα MC Athens Campus Library MC Athens Campus Library 9780000088697 05/06/2025 MARKETING WEEK 1 1567           05/06/2025 05/06/2025

MC Athens Campus Library
Πατησίων 94 & Κοδριγκτώνος 13, 104 34
Πελλήνης 8 & Πατησίων 107, 112 51
Τ: +30 210 8899600

MC Thessaloniki Campus Library
Ίωνος Δραγούμη 21, 54625 | Ίωνος Δραγούμη 15, 54625
Τ: +30 2310 287779 – Τ: +30 2314 440300